| 000 | 00700nam a2200181 i 4500 | ||
|---|---|---|---|
| 001 | 21468 | ||
| 003 | ES-MaACL | ||
| 005 | 20231221152502.0 | ||
| 007 | t| | ||
| 008 | 021125s1914 sp ||||1| spa d | ||
| 100 | 1 |
_aAlcalá Zamora, Niceto, _d1877-1949 _919473 |
|
| 245 | 1 | 0 | _aDiscurso pronunciado por Don Niceto Alcalá Zamora en el Congreso de los Diputados el 20 de abril de 1914 sobre la conducta electoral del Gobierno. |
| 260 |
_aMadrid : _b[s.n.], _c1914 ( _fImpr. La Prensa) |
||
| 300 |
_a31 p. ; _c19 cm. |
||
| 500 | _aEn port.: Edición que el diario político La Prensa dedica á sus lectores. | ||
| 852 |
_aES-MaACL _jT-1406-F-2 _z.- Enc. en un vol. facticio |
||
| 999 |
_c21468 _d21468 |
||